Manual de Derecho Romano : historia e instituciones /

Guardado en:
Autor Principal: Argüello, Luis Rodolfo
Formato: Libro
Idioma:Spanish
Publicado: Buenos Aires : Astrea, 2004
Edición:3a. ed. corr., 10a.reimp.
Materias:
Etiquetas: Agregar Etiqueta
Sin Etiquetas, Sea el primero en etiquetar este registro!
LEADER 00684nam a22001935a 4500
001 DER.der000122
008 180615s2004####ag#||||||||||||||#||spa||
005 20251223131536.0
245 1 0 |a Manual de Derecho Romano :  |b historia e instituciones /  |c Luis Rodolfo Argüello. 
250 |a 3a. ed. corr., 10a.reimp. 
260 |a Buenos Aires :  |b Astrea,  |c 2004 
300 |a 608 p. 
020 |a 9505081014 
100 1 |a Argüello, Luis Rodolfo 
650 7 |a DERECHO ROMANO 
859 |a DERECHO  |b BIB. DERECHO  |h 340.54  |i ARG  |p 000892 
859 |a DERECHO  |b BIB. DERECHO  |h 340.54  |i ARG  |p 000893  |t 1 
859 |a DERECHO  |b BIB. DERECHO  |h 340.54  |i ARG  |p 003507  |t 2 
859 |a DERECHO  |b BIB. DERECHO  |h 340.54  |i ARG  |p 003508  |t 3